[Event "OeISM Blitz U10 B"]
[Site "austriaU10b"]
[Date "2020.12.11"]
[Round "4"]
[White "Daniel195"]
[Black "Hamino10"]
[Result "1-0"]
[WhiteElo "1605"]
[BlackElo "1535"]
[Annotator "NA RC"]
[PlyCount "57"]
[EventDate "2020.12.11"]
[EventType "blitz"]

1. d4 {[%emt 0:00:07]} d5 {[%emt 0:00:01]} 2. Nf3 {[%emt 0:00:02]} Nc6 {[%emt 0:00:04]} 3. e3 {[%emt 0:00:02]} Nf6 {[%emt 0:00:02]} 4. Bb5 {[%emt 0:00:02]} a6 {[%emt 0:00:02]} 5. Bxc6+ {[%emt 0:00:02]} bxc6 {[%emt 0:00:02]} 6. O-O {[%emt 0:00:02]} Ne4 {[%emt 0:00:02]} 7. Nbd2 {[%emt 0:00:04]} Bg4 {[%emt 0:00:01]} 8. h3 {[%emt 0:00:03]} Bxf3 {[%emt 0:00:01]} 9. Qxf3 {[%emt 0:00:03]} Nxd2 {[%emt 0:00:01]} 10. Bxd2 {[%emt 0:00:04]} e6 {[%emt 0:00:01]} 11. c4 {[%emt 0:00:04]} dxc4 {[%emt 0:00:06]} 12. Qxc6+ {[%emt 0:00:04]} Ke7 {[%emt 0:00:09]} 13. e4 {[%emt 0:00:11]} Rb8 {[%emt 0:00:01]} 14. e5 {[%emt 0:00:16]} Rxb2 {[%emt 0:00:07]} 15. Bc3 {[%emt 0:00:05]} Rb6 {[%emt 0:00:06]} 16. Qxc4 {[%emt 0:00:08]} Ke8 {[%emt 0:00:14]} 17. Rfb1 {[%emt 0:00:05]} Rxb1+ {[%emt 0:00:07]} 18. Rxb1 {[%emt 0:00:02]} Be7 {[%emt 0:00:04]} 19. Ba5 {[%emt 0:00:10]} Qd7 {[%emt 0:00:06]} 20. Rb8+ {[%emt 0:00:08]} Bd8 {[%emt 0:00:04]} 21. Bxc7 {[%emt 0:00:04]} Ke7 {[%emt 0:00:10]} 22. Qc5+ {[%emt 0:00:13]} Ke8 {[%emt 0:00:04]} 23. Rxd8+ {[%emt 0:00:02]} Qxd8 {[%emt 0:00:04]} 24. Bxd8 {[%emt 0:00:00]} Kxd8 {[%emt 0:00:02]} 25. Qd6+ {[%emt 0:00:01]} Kc8 {[%emt 0:00:03]} 26. Qxa6+ {[%emt 0:00:02]} Kd7 {[%emt 0:00:06]} 27. Qb7+ {[%emt 0:00:01]} Kd8 {[%emt 0:00:03]} 28. Qb8+ {[%emt 0:00:02]} Ke7 {[%emt 0:00:02]} 29. Qxh8 {[%emt 0:00:03] Hamino10 resigns} 1-0

[Event "OeISM Blitz U10 B"]
[Site "austriaU10b"]
[Date "2020.12.11"]
[Round "4"]
[White "Super-Patzer"]
[Black "Widder2010"]
[Result "1-0"]
[WhiteElo "1598"]
[BlackElo "1525"]
[Annotator "NA RC"]
[PlyCount "55"]
[EventDate "2020.12.11"]
[EventType "blitz"]

1. e4 {[%emt 0:00:02]} g6 {[%emt 0:00:01]} 2. d4 {[%emt 0:00:02]} Bg7 {[%emt 0:00:01]} 3. Nf3 {[%emt 0:00:01]} e6 {[%emt 0:00:01]} 4. Nc3 {[%emt 0:00:01]} Ne7 {[%emt 0:00:01]} 5. Bc4 {[%emt 0:00:03]} d5 {[%emt 0:00:02]} 6. exd5 {[%emt 0:00:04]} exd5 {[%emt 0:00:01]} 7. Bb3 {[%emt 0:00:02]} c6 {[%emt 0:00:02]} 8. O-O {[%emt 0:00:02]} O-O {[%emt 0:00:02]} 9. Re1 {[%emt 0:00:02]} Be6 {[%emt 0:00:02]} 10. Bf4 {[%emt 0:00:06]} Nf5 {[%emt 0:00:05]} 11. Qd2 {[%emt 0:00:16]} Na6 {[%emt 0:00:20]} 12. Bg5 {[%emt 0:00:14]} Qd7 {[%emt 0:00:06]} 13. Qd3 {[%emt 0:00:26]} Rfe8 {[%emt 0:00:23]} 14. Na4 {[%emt 0:00:09]} Nd6 {[%emt 0:00:17]} 15. c3 {[%emt 0:00:15]} Bf5 {[%emt 0:00:09]} 16. Rxe8+ {[%emt 0:00:08]} Rxe8 {[%emt 0:00:03]} 17. Qd2 {[%emt 0:00:08]} b5 {[%emt 0:00:06]} 18. Nc5 {[%emt 0:00:04]} Nxc5 {[%emt 0:00:03]} 19. dxc5 {[%emt 0:00:01]} Nc4 {[%emt 0:00:02]} 20. Bxc4 {[%emt 0:00:10]} bxc4 {[%emt 0:00:08]} 21. h3 {[%emt 0:00:11]} Qe6 {[%emt 0:00:25]} 22. Re1 {[%emt 0:00:08]} Qc8 {[%emt 0:00:12]} 23. Rxe8+ {[%emt 0:00:06]} Qxe8 {[%emt 0:00:03]} 24. Bh6 {[%emt 0:00:03]} Qe4 {[%emt 0:00:20]} 25. Qg5 {[%emt 0:00:18]} Qb1+ {[%emt 0:00:06]} 26. Kh2 {[%emt 0:00:03]} Qxb2 {[%emt 0:00:07]} 27. Qd8+ {[%emt 0:00:02]} Bf8 {[%emt 0:00:10]} 28. Qxf8# {[%emt 0:00:02] Mate Mate} 1-0

[Event "OeISM Blitz U10 B"]
[Site "austriaU10b"]
[Date "2020.12.11"]
[Round "4"]
[White "Codeman1980"]
[Black "Davidalaba"]
[Result "0-1"]
[WhiteElo "1574"]
[BlackElo "1451"]
[Annotator "NA RC"]
[PlyCount "144"]
[EventDate "2020.12.11"]
[EventType "blitz"]

1. e4 {[%emt 0:00:03]} e5 {[%emt 0:00:02]} 2. Bc4 {[%emt 0:00:03]} Nf6 {[%emt 0:00:09]} 3. d3 {[%emt 0:00:04]} Bc5 {[%emt 0:00:06]} 4. Nc3 {[%emt 0:00:09]} d6 {[%emt 0:00:02]} 5. h3 {[%emt 0:00:13]} h6 {[%emt 0:00:08]} 6. Nf3 {[%emt 0:00:02]} O-O {[%emt 0:00:06]} 7. O-O {[%emt 0:00:04]} Nc6 {[%emt 0:00:02]} 8. Be3 {[%emt 0:00:06]} Bxe3 {[%emt 0:00:05]} 9. fxe3 {[%emt 0:00:02]} Re8 {[%emt 0:00:08]} 10. Re1 {[%emt 0:00:07]} a6 {[%emt 0:00:03]} 11. d4 {[%emt 0:00:04]} Bd7 {[%emt 0:00:27]} 12. dxe5 {[%emt 0:00:16]} Nxe5 {[%emt 0:00:09]} 13. Nxe5 {[%emt 0:00:02]} dxe5 {[%emt 0:00:02]} 14. Qf3 {[%emt 0:00:08]} Qe7 {[%emt 0:00:13]} 15. Nd5 {[%emt 0:00:04]} Nxd5 {[%emt 0:00:21]} 16. Bxd5 {[%emt 0:00:06]} c6 {[%emt 0:00:14]} 17. Bb3 {[%emt 0:00:06]} Rf8 {[%emt 0:00:04]} 18. Rad1 {[%emt 0:00:14]} Rad8 {[%emt 0:00:03]} 19. c3 {[%emt 0:00:11]} Be6 {[%emt 0:00:03]} 20. Rxd8 {[%emt 0:00:17]} Rxd8 {[%emt 0:00:04]} 21. Rd1 {[%emt 0:00:17]} Bxb3 {[%emt 0:00:05]} 22. axb3 {[%emt 0:00:07]} Rd7 {[%emt 0:00:04]} 23. Qe2 {[%emt 0:00:12]} Qd8 {[%emt 0:00:05]} 24. Rxd7 {[%emt 0:00:08]} Qxd7 {[%emt 0:00:02]} 25. Kf2 {[%emt 0:00:03]} Qe6 {[%emt 0:00:05]} 26. c4 {[%emt 0:00:07]} Qf6+ {[%emt 0:00:04]} 27. Kg1 {[%emt 0:00:07]} Qg6 {[%emt 0:00:10]} 28. Qd2 {[%emt 0:00:02]} Qxe4 {[%emt 0:00:07]} 29. Qd8+ {[%emt 0:00:02]} Kh7 {[%emt 0:00:02]} 30. Qd2 {[%emt 0:00:04]} f6 {[%emt 0:00:05]} 31. Kf2 {[%emt 0:00:03]} Qf5+ {[%emt 0:00:08]} 32. Kg1 {[%emt 0:00:01]} Qe4 {[%emt 0:00:10]} 33. Qe2 {[%emt 0:00:05]} f5 {[%emt 0:00:07]} 34. Kf2 {[%emt 0:00:04]} Qh4+ {[%emt 0:00:02]} 35. Kg1 {[%emt 0:00:02]} e4 {[%emt 0:00:02]} 36. Qf1 {[%emt 0:00:05]} Qf6 {[%emt 0:00:02]} 37. Kh2 {[%emt 0:00:03]} Qxb2 {[%emt 0:00:03]} 38. Qxf5+ {[%emt 0:00:03]} Kh8 {[%emt 0:00:05]} 39. Qf8+ {[%emt 0:00:03]} Kh7 {[%emt 0:00:02]} 40. Qf5+ {[%emt 0:00:01]} g6 {[%emt 0:00:03]} 41. Qxe4 {[%emt 0:00:02]} Qxb3 {[%emt 0:00:04]} 42. Qe7+ {[%emt 0:00:02]} Kh8 {[%emt 0:00:02]} 43. Qf6+ {[%emt 0:00:01]} Kh7 {[%emt 0:00:02]} 44. Qf7+ {[%emt 0:00:03]} Kh8 {[%emt 0:00:04]} 45. Qxg6 {[%emt 0:00:01]} Qxc4 {[%emt 0:00:02]} 46. Qxh6+ {[%emt 0:00:01]} Kg8 {[%emt 0:00:02]} 47. Qg6+ {[%emt 0:00:01]} Kf8 {[%emt 0:00:02]} 48. Qf6+ {[%emt 0:00:02]} Qf7 {[%emt 0:00:02]} 49. Qd8+ {[%emt 0:00:02]} Qe8 {[%emt 0:00:02]} 50. Qd6+ {[%emt 0:00:03]} Qe7 {[%emt 0:00:02]} 51. Qxe7+ {[%emt 0:00:02]} Kxe7 {[%emt 0:00:02]} 52. h4 {[%emt 0:00:03]} b5 {[%emt 0:00:00]} 53. g4 {[%emt 0:00:02]} b4 {[%emt 0:00:00]} 54. h5 {[%emt 0:00:01]} b3 {[%emt 0:00:00]} 55. g5 {[%emt 0:00:05]} b2 {[%emt 0:00:00]} 56. h6 {[%emt 0:00:01]} b1=Q {[%emt 0:00:00]} 57. Kg3 {[%emt 0:00:03]} Qb8+ {[%emt 0:00:03]} 58. Kg4 {[%emt 0:00:01]} Qc8+ {[%emt 0:00:02]} 59. Kh5 {[%emt 0:00:02]} Qe8+ {[%emt 0:00:02]} 60. g6 {[%emt 0:00:02]} Kf6 {[%emt 0:00:02]} 61. Kg4 {[%emt 0:00:04]} Qxg6+ {[%emt 0:00:01]} 62. Kf4 {[%emt 0:00:01]} Qxh6+ {[%emt 0:00:01]} 63. Ke4 {[%emt 0:00:02]} a5 {[%emt 0:00:01]} 64. Kd4 {[%emt 0:00:01]} a4 {[%emt 0:00:02]} 65. e4 {[%emt 0:00:03]} Qh4 {[%emt 0:00:05]} 66. Kc5 {[%emt 0:00:06]} Qxe4 {[%emt 0:00:06]} 67. Kb6 {[%emt 0:00:02]} Qe1 {[%emt 0:00:03]} 68. Kc5 {[%emt 0:00:03]} Qe4 {[%emt 0:00:07]} 69. Kb6 {[%emt 0:00:02]} a3 {[%emt 0:00:02]} 70. Kc5 {[%emt 0:00:01]} a2 {[%emt 0:00:02]} 71. Kb6 {[%emt 0:00:03]} a1=Q {[%emt 0:00:02]} 72. Kc5 {[%emt 0:00:01]} Qad4# {[%emt 0:00:01] Mate (Lag: Av=1.07s, max=1.7s)} 0-1

[Event "OeISM Blitz U10 B"]
[Site "austriaU10b"]
[Date "2020.12.11"]
[Round "4"]
[White "Felix808"]
[Black "nikolaus2709"]
[Result "0-1"]
[WhiteElo "1537"]
[BlackElo "1484"]
[Annotator "NA RC"]
[PlyCount "98"]
[EventDate "2020.12.11"]
[EventType "blitz"]

1. e4 {[%emt 0:00:02]} c5 {[%emt 0:00:02]} 2. Nf3 {[%emt 0:00:02]} d6 {[%emt 0:00:02]} 3. Nc3 {[%emt 0:00:03]} Nf6 {[%emt 0:00:04]} 4. Bc4 {[%emt 0:00:02]} g6 {[%emt 0:00:02]} 5. d3 {[%emt 0:00:10]} Bg7 {[%emt 0:00:02]} 6. Bg5 {[%emt 0:00:04]} Nc6 {[%emt 0:00:03]} 7. O-O {[%emt 0:00:03]} O-O {[%emt 0:00:03]} 8. Qd2 {[%emt 0:00:03]} b6 {[%emt 0:00:04]} 9. Bh6 {[%emt 0:00:02]} Bb7 {[%emt 0:00:03]} 10. Bxg7 {[%emt 0:00:04]} Kxg7 {[%emt 0:00:02]} 11. Qg5 {[%emt 0:00:02]} Qd7 {[%emt 0:00:09]} 12. Qh4 {[%emt 0:00:04]} Qg4 {[%emt 0:00:11]} 13. h3 {[%emt 0:00:08]} Qxh4 {[%emt 0:00:07]} 14. Nxh4 {[%emt 0:00:03]} Nd4 {[%emt 0:00:03]} 15. Bb3 {[%emt 0:00:08]} Rad8 {[%emt 0:00:10]} 16. Nd5 {[%emt 0:00:10]} e6 {[%emt 0:00:08]} 17. Nxf6 {[%emt 0:00:05]} Kxf6 {[%emt 0:00:02]} 18. f4 {[%emt 0:00:07]} Rfe8 {[%emt 0:00:19]} 19. c3 {[%emt 0:00:09]} Nc6 {[%emt 0:00:09]} 20. Nf3 {[%emt 0:00:06]} Ne7 {[%emt 0:00:16]} 21. Rad1 {[%emt 0:00:05]} d5 {[%emt 0:00:05]} 22. e5+ {[%emt 0:00:02]} Kg7 {[%emt 0:00:05]} 23. Ng5 {[%emt 0:00:01]} Nf5 {[%emt 0:00:04]} 24. d4 {[%emt 0:00:09]} Ne3 {[%emt 0:00:04]} 25. Ba4 {[%emt 0:00:05]} Re7 {[%emt 0:00:05]} 26. Rde1 {[%emt 0:00:17]} Nxf1 {[%emt 0:00:02]} 27. Rxf1 {[%emt 0:00:03]} cxd4 {[%emt 0:00:07]} 28. cxd4 {[%emt 0:00:02]} Rc7 {[%emt 0:00:03]} 29. Nf3 {[%emt 0:00:04]} Ba6 {[%emt 0:00:05]} 30. Re1 {[%emt 0:00:04]} Rdc8 {[%emt 0:00:07]} 31. Kf2 {[%emt 0:00:06]} Rc1 {[%emt 0:00:07]} 32. b3 {[%emt 0:00:03]} Rxe1 {[%emt 0:00:05]} 33. Nxe1 {[%emt 0:00:03]} Rc1 {[%emt 0:00:05]} 34. Nf3 {[%emt 0:00:05]} Ra1 {[%emt 0:00:03]} 35. Nd2 {[%emt 0:00:06]} Rxa2 {[%emt 0:00:03]} 36. Ke3 {[%emt 0:00:07]} b5 {[%emt 0:00:02]} 37. Bxb5 {[%emt 0:00:10]} Bxb5 {[%emt 0:00:02]} 38. b4 {[%emt 0:00:01]} Rb2 {[%emt 0:00:04]} 39. Nf3 {[%emt 0:00:05]} Rxb4 {[%emt 0:00:04]} 40. Kf2 {[%emt 0:00:02]} a5 {[%emt 0:00:02]} 41. Nd2 {[%emt 0:00:04]} a4 {[%emt 0:00:04]} 42. Nf3 {[%emt 0:00:03]} a3 {[%emt 0:00:02]} 43. Ne1 {[%emt 0:00:02]} a2 {[%emt 0:00:02]} 44. Nc2 {[%emt 0:00:01]} Rb2 {[%emt 0:00:04]} 45. Kf3 {[%emt 0:00:05]} Rxc2 {[%emt 0:00:04]} 46. Kg4 {[%emt 0:00:02]} h5+ {[%emt 0:00:04]} 47. Kg5 {[%emt 0:00:01]} Rxg2+ {[%emt 0:00:04]} 48. Kh4 {[%emt 0:00:02]} a1=Q {[%emt 0:00:07]} 49. f5 {[%emt 0:00:04]} Qe1# {[%emt 0:00:02] Mate Mate} 0-1

[Event "OeISM Blitz U10 B"]
[Site "austriaU10b"]
[Date "2020.12.11"]
[Round "4"]
[White "CaptainJojo"]
[Black "Chessroman"]
[Result "0-1"]
[WhiteElo "1510"]
[BlackElo "1447"]
[Annotator "NA RC"]
[PlyCount "76"]
[EventDate "2020.12.11"]
[EventType "blitz"]

1. e4 {[%emt 0:00:07]} e5 {[%emt 0:00:02]} 2. Nf3 {[%emt 0:00:02]} Nf6 {[%emt 0:00:03]} 3. Nxe5 {[%emt 0:00:03]} d6 {[%emt 0:00:01]} 4. Nf3 {[%emt 0:00:03]} Nxe4 {[%emt 0:00:03]} 5. d3 {[%emt 0:00:02]} Nf6 {[%emt 0:00:02]} 6. Nc3 {[%emt 0:00:02]} Be7 {[%emt 0:00:05]} 7. Bg5 {[%emt 0:00:04]} O-O {[%emt 0:00:03]} 8. d4 {[%emt 0:00:04]} Re8 {[%emt 0:00:03]} 9. Bc4 {[%emt 0:00:06]} h6 {[%emt 0:00:04]} 10. Bxf6 {[%emt 0:00:04]} Bxf6+ {[%emt 0:00:02]} 11. Ne2 {[%emt 0:00:08]} Bg4 {[%emt 0:00:07]} 12. h3 {[%emt 0:00:05]} Bxf3 {[%emt 0:00:02]} 13. gxf3 {[%emt 0:00:06]} Nc6 {[%emt 0:00:06]} 14. Qd3 {[%emt 0:00:06]} Nxd4 {[%emt 0:00:08]} 15. O-O-O {[%emt 0:00:15]} Nxe2+ {[%emt 0:00:08]} 16. Kb1 {[%emt 0:00:04]} Nd4 {[%emt 0:00:05]} 17. Rhg1 {[%emt 0:00:09]} Ne6 {[%emt 0:00:10]} 18. Rg2 {[%emt 0:00:17]} Nf4 {[%emt 0:00:09]} 19. Bxf7+ {[%emt 0:00:04]} Kxf7 {[%emt 0:00:06]} 20. Qc4+ {[%emt 0:00:07]} Ne6 {[%emt 0:00:11]} 21. Rdg1 {[%emt 0:00:10]} Qd7 {[%emt 0:00:10]} 22. a3 {[%emt 0:00:05]} Qc6 {[%emt 0:00:03]} 23. Qg4 {[%emt 0:00:09]} Re7 {[%emt 0:00:22]} 24. Qg6+ {[%emt 0:00:03]} Kf8 {[%emt 0:00:03]} 25. Qg4 {[%emt 0:00:14]} Ke8 {[%emt 0:00:08]} 26. Qg6+ {[%emt 0:00:11]} Kd7 {[%emt 0:00:02]} 27. Qg4 {[%emt 0:00:04]} Rae8 {[%emt 0:00:12]} 28. f4 {[%emt 0:00:13]} Kd8 {[%emt 0:00:10]} 29. f5 {[%emt 0:00:09]} Ng5 {[%emt 0:00:02]} 30. Qa4 {[%emt 0:00:20]} Qxa4 {[%emt 0:00:04]} 31. b3 {[%emt 0:00:04]} Qxa3 {[%emt 0:00:08]} 32. c3 {[%emt 0:00:16]} Bxc3 {[%emt 0:00:04]} 33. Kc2 {[%emt 0:00:03]} Qb2+ {[%emt 0:00:03]} 34. Kd3 {[%emt 0:00:01]} Qd2+ {[%emt 0:00:05]} 35. Kc4 {[%emt 0:00:01]} d5+ {[%emt 0:00:02]} 36. Kb5 {[%emt 0:00:01]} a6+ {[%emt 0:00:01]} 37. Ka4 {[%emt 0:00:02]} b5+ {[%emt 0:00:02]} 38. Ka3 {[%emt 0:00:02]} Qb2# {[%emt 0:00:04] Mate Mate} 0-1

[Event "OeISM Blitz U10 B"]
[Site "austriaU10b"]
[Date "2020.12.11"]
[Round "4"]
[White "Max003"]
[Black "Hugo_11"]
[Result "1-0"]
[WhiteElo "1493"]
[BlackElo "1340"]
[Annotator "NA RC"]
[PlyCount "149"]
[EventDate "2020.12.11"]
[EventType "blitz"]

1. d4 {[%emt 0:00:03]} d5 {[%emt 0:00:02]} 2. Bf4 {[%emt 0:00:02]} Nf6 {[%emt 0:00:08]} 3. e3 {[%emt 0:00:03]} e6 {[%emt 0:00:03]} 4. Bd3 {[%emt 0:00:03]} Bd6 {[%emt 0:00:03]} 5. Bg3 {[%emt 0:00:03]} Bxg3 {[%emt 0:00:03]} 6. hxg3 {[%emt 0:00:02]} O-O {[%emt 0:00:03]} 7. c3 {[%emt 0:00:04]} Re8 {[%emt 0:00:09]} 8. Qc2 {[%emt 0:00:02]} e5 {[%emt 0:00:04]} 9. Bxh7+ {[%emt 0:00:03]} Nxh7 {[%emt 0:00:04]} 10. Qxh7+ {[%emt 0:00:03]} Kf8 {[%emt 0:00:01]} 11. Qh8+ {[%emt 0:00:04]} Ke7 {[%emt 0:00:02]} 12. Qh4+ {[%emt 0:00:03]} Kd6 {[%emt 0:00:04]} 13. Qxd8+ {[%emt 0:00:08]} Rxd8 {[%emt 0:00:02]} 14. Nf3 {[%emt 0:00:02]} e4 {[%emt 0:00:03]} 15. Ne5 {[%emt 0:00:04]} c5 {[%emt 0:00:02]} 16. Nxf7+ {[%emt 0:00:03]} Kd7 {[%emt 0:00:02]} 17. Nxd8 {[%emt 0:00:02]} Kxd8 {[%emt 0:00:00]} 18. Nd2 {[%emt 0:00:02]} cxd4 {[%emt 0:00:02]} 19. exd4 {[%emt 0:00:02]} Nc6 {[%emt 0:00:06]} 20. Rh8+ {[%emt 0:00:03]} Kc7 {[%emt 0:00:03]} 21. f3 {[%emt 0:00:02]} e3 {[%emt 0:00:17]} 22. Nb3 {[%emt 0:00:05]} b5 {[%emt 0:00:08]} 23. Nc5 {[%emt 0:00:04]} b4 {[%emt 0:00:06]} 24. Ne6+ {[%emt 0:00:03]} Kd6 {[%emt 0:00:03]} 25. Nxg7 {[%emt 0:00:04]} bxc3 {[%emt 0:00:03]} 26. bxc3 {[%emt 0:00:04]} Kc7 {[%emt 0:00:09]} 27. Ne6+ {[%emt 0:00:10]} Kd6 {[%emt 0:00:03]} 28. Nf4 {[%emt 0:00:02]} Kd7 {[%emt 0:00:13]} 29. Nxd5 {[%emt 0:00:03]} Kd6 {[%emt 0:00:06]} 30. Nf4 {[%emt 0:00:04]} Kc7 {[%emt 0:00:04]} 31. Rh7+ {[%emt 0:00:03]} Kd6 {[%emt 0:00:06]} 32. Rh6+ {[%emt 0:00:03]} Kc7 {[%emt 0:00:02]} 33. Nd5+ {[%emt 0:00:05]} Kd7 {[%emt 0:00:04]} 34. Rb1 {[%emt 0:00:03]} Ba6 {[%emt 0:00:12]} 35. Nxe3 {[%emt 0:00:05]} Re8 {[%emt 0:00:10]} 36. Rh7+ {[%emt 0:00:06]} Kc8 {[%emt 0:00:15]} 37. Kf2 {[%emt 0:00:06]} Bd3 {[%emt 0:00:02]} 38. Rbb7 {[%emt 0:00:09]} Bxh7 {[%emt 0:00:05]} 39. g4 {[%emt 0:00:07]} Bg6 {[%emt 0:00:07]} 40. Nc4 {[%emt 0:00:07]} Kxb7 {[%emt 0:00:04]} 41. Nd6+ {[%emt 0:00:02]} Kc7 {[%emt 0:00:04]} 42. Nxe8+ {[%emt 0:00:02]} Bxe8 {[%emt 0:00:02]} 43. f4 {[%emt 0:00:02]} Kd7 {[%emt 0:00:03]} 44. Kf3 {[%emt 0:00:02]} Ke6 {[%emt 0:00:02]} 45. f5+ {[%emt 0:00:02]} Kf6 {[%emt 0:00:02]} 46. Kf4 {[%emt 0:00:02]} Ne7 {[%emt 0:00:04]} 47. g5+ {[%emt 0:00:03]} Kg7 {[%emt 0:00:04]} 48. f6+ {[%emt 0:00:02]} Kf7 {[%emt 0:00:05]} 49. fxe7 {[%emt 0:00:02]} Kxe7 {[%emt 0:00:00]} 50. Kf5 {[%emt 0:00:01]} Kf7 {[%emt 0:00:02]} 51. g6+ {[%emt 0:00:02]} Kg7 {[%emt 0:00:01]} 52. d5 {[%emt 0:00:03]} Bxg6+ {[%emt 0:00:02]} 53. Ke6 {[%emt 0:00:01]} Bf7+ {[%emt 0:00:02]} 54. Kd6 {[%emt 0:00:04]} Kf8 {[%emt 0:00:02]} 55. Kc7 {[%emt 0:00:02]} Ke8 {[%emt 0:00:02]} 56. d6 {[%emt 0:00:02]} Be6 {[%emt 0:00:04]} 57. a4 {[%emt 0:00:05]} Bd7 {[%emt 0:00:05]} 58. a5 {[%emt 0:00:03]} a6 {[%emt 0:00:08]} 59. g3 {[%emt 0:00:02]} Ba4 {[%emt 0:00:07]} 60. c4 {[%emt 0:00:04]} Bd7 {[%emt 0:00:04]} 61. c5 {[%emt 0:00:02]} Bb5 {[%emt 0:00:02]} 62. c6 {[%emt 0:00:03]} Bd3 {[%emt 0:00:05]} 63. d7+ {[%emt 0:00:03]} Kf7 {[%emt 0:00:01]} 64. d8=Q {[%emt 0:00:02]} Bf5 {[%emt 0:00:01]} 65. Qd5+ {[%emt 0:00:04]} Kf6 {[%emt 0:00:02]} 66. Qf3 {[%emt 0:00:02]} Ke5 {[%emt 0:00:02]} 67. Qf4+ {[%emt 0:00:06]} Kf6 {[%emt 0:00:02]} 68. g4 {[%emt 0:00:05]} Kg6 {[%emt 0:00:04]} 69. Qxf5+ {[%emt 0:00:02]} Kg7 {[%emt 0:00:02]} 70. Kb6 {[%emt 0:00:03]} Kh6 {[%emt 0:00:02]} 71. c7 {[%emt 0:00:03]} Kg7 {[%emt 0:00:02]} 72. c8=Q {[%emt 0:00:04]} Kh6 {[%emt 0:00:02]} 73. Qce6+ {[%emt 0:00:02]} Kg7 {[%emt 0:00:01]} 74. Qff7+ {[%emt 0:00:02]} Kh8 {[%emt 0:00:01]} 75. Qee8# {[%emt 0:00:02] Mate Mate} 1-0

[Event "OeISM Blitz U10 B"]
[Site "austriaU10b"]
[Date "2020.12.11"]
[Round "4"]
[White "Alain 007"]
[Black "Chesstornado2011"]
[Result "1-0"]
[WhiteElo "1429"]
[BlackElo "1519"]
[Annotator "NA RC"]
[PlyCount "65"]
[EventDate "2020.12.11"]
[EventType "blitz"]

1. e4 {[%emt 0:00:04]} e5 {[%emt 0:00:04]} 2. Nf3 {[%emt 0:00:04]} Nc6 {[%emt 0:00:01]} 3. Bc4 {[%emt 0:00:06]} Bc5 {[%emt 0:00:02]} 4. c3 {[%emt 0:00:06]} d6 {[%emt 0:00:03]} 5. d3 {[%emt 0:00:07]} Nf6 {[%emt 0:00:05]} 6. a4 {[%emt 0:00:04]} Be6 {[%emt 0:00:04]} 7. Bxe6 {[%emt 0:00:05]} fxe6 {[%emt 0:00:01]} 8. b4 {[%emt 0:00:03]} Nxb4 {[%emt 0:00:06]} 9. cxb4 {[%emt 0:00:03]} Bxb4+ {[%emt 0:00:01]} 10. Bd2 {[%emt 0:00:06]} Bxd2+ {[%emt 0:00:03]} 11. Nbxd2 {[%emt 0:00:03]} O-O {[%emt 0:00:09]} 12. O-O {[%emt 0:00:05]} c6 {[%emt 0:00:07]} 13. Ng5 {[%emt 0:00:03]} Qe7 {[%emt 0:00:12]} 14. Qb3 {[%emt 0:00:09]} Rfe8 {[%emt 0:00:06]} 15. Ngf3 {[%emt 0:00:11]} Rab8 {[%emt 0:00:15]} 16. d4 {[%emt 0:00:20]} exd4 {[%emt 0:00:05]} 17. Nxd4 {[%emt 0:00:03]} c5 {[%emt 0:00:03]} 18. N4f3 {[%emt 0:00:06]} b6 {[%emt 0:00:08]} 19. e5 {[%emt 0:00:03]} dxe5 {[%emt 0:00:04]} 20. Nxe5 {[%emt 0:00:02]} Qd6 {[%emt 0:00:04]} 21. Ndc4 {[%emt 0:00:06]} Qd8 {[%emt 0:00:08]} 22. Nc6 {[%emt 0:00:03]} Qc7 {[%emt 0:00:05]} 23. Nxb8 {[%emt 0:00:03]} Qxb8 {[%emt 0:00:06]} 24. Ne3 {[%emt 0:00:03]} Qb7 {[%emt 0:00:06]} 25. Nc4 {[%emt 0:00:08]} Qd5 {[%emt 0:00:09]} 26. Rab1 {[%emt 0:00:06]} Nh5 {[%emt 0:00:12]} 27. Rfd1 {[%emt 0:00:11]} Qa8 {[%emt 0:00:09]} 28. Nd6 {[%emt 0:00:03]} Rd8 {[%emt 0:00:04]} 29. Qxe6+ {[%emt 0:00:04]} Kh8 {[%emt 0:00:06]} 30. Nf7+ {[%emt 0:00:02]} Kg8 {[%emt 0:00:04]} 31. Rxd8+ {[%emt 0:00:02]} Qxd8 {[%emt 0:00:05]} 32. Nxd8+ {[%emt 0:00:03]} Kf8 {[%emt 0:00:05]} 33. Qf7# {[%emt 0:00:02] Mate Mate} 1-0

[Event "OeISM Blitz U10 B"]
[Site "austriaU10b"]
[Date "2020.12.11"]
[Round "5"]
[White "Lukas-2010"]
[Black "Philip2010"]
[Result "0-1"]
[WhiteElo "1881"]
[BlackElo "1835"]
[Annotator "NA RC"]
[PlyCount "104"]
[EventDate "2020.12.11"]
[EventType "blitz"]

1. e4 {[%emt 0:00:04]} d6 {[%emt 0:00:10]} 2. d4 {[%emt 0:00:02]} Nf6 {[%emt 0:00:02]} 3. Nc3 {[%emt 0:00:01]} e5 {[%emt 0:00:06]} 4. dxe5 {[%emt 0:00:01]} dxe5 {[%emt 0:00:04]} 5. Qxd8+ {[%emt 0:00:00]} Kxd8 {[%emt 0:00:03]} 6. Bg5 {[%emt 0:00:00]} Be6 {[%emt 0:00:02]} 7. Nf3 {[%emt 0:00:03]} Nbd7 {[%emt 0:00:03]} 8. O-O-O {[%emt 0:00:01]} Bd6 {[%emt 0:00:03]} 9. Nb5 {[%emt 0:00:06]} Ke7 {[%emt 0:00:03] Philip2010 offers a draw} 10. Nxd6 {[%emt 0:00:11]} cxd6 {[%emt 0:00:02]} 11. a3 {[%emt 0:00:05]} Rac8 {[%emt 0:00:06]} 12. Bb5 {[%emt 0:00:06]} Rc7 {[%emt 0:00:10]} 13. Rd2 {[%emt 0:00:09]} a6 {[%emt 0:00:14]} 14. Bxd7 {[%emt 0:00:04]} Rxd7 {[%emt 0:00:01]} 15. Rhd1 {[%emt 0:00:03]} Rhd8 {[%emt 0:00:05]} 16. Kb1 {[%emt 0:00:13]} h6 {[%emt 0:00:06]} 17. Bxf6+ {[%emt 0:00:01]} gxf6 {[%emt 0:00:01]} 18. Nh4 {[%emt 0:00:05]} Rg8 {[%emt 0:00:24]} 19. g3 {[%emt 0:00:17]} Rc8 {[%emt 0:00:09]} 20. f4 {[%emt 0:00:11]} Bg4 {[%emt 0:00:18]} 21. Re1 {[%emt 0:00:08]} Rdc7 {[%emt 0:00:10]} 22. f5 {[%emt 0:00:08]} h5 {[%emt 0:00:10]} 23. Rf1 {[%emt 0:00:10]} Rc4 {[%emt 0:00:07]} 24. Re1 {[%emt 0:00:04]} Ra4 {[%emt 0:00:11]} 25. Ka2 {[%emt 0:00:15]} Rcc4 {[%emt 0:00:14]} 26. b3 {[%emt 0:00:12]} Rxe4 {[%emt 0:00:02]} 27. Rh1 {[%emt 0:00:11]} Rad4 {[%emt 0:00:04]} 28. Rf2 {[%emt 0:00:10]} Re2 {[%emt 0:00:04]} 29. Rxe2 {[%emt 0:00:03]} Bxe2 {[%emt 0:00:01]} 30. Kb2 {[%emt 0:00:03]} Bb5 {[%emt 0:00:05]} 31. Nf3 {[%emt 0:00:06]} Bc6 {[%emt 0:00:12]} 32. Rf1 {[%emt 0:00:25]} Bxf3 {[%emt 0:00:02]} 33. Rxf3 {[%emt 0:00:00]} b5 {[%emt 0:00:08]} 34. Kc3 {[%emt 0:00:03]} Rd5 {[%emt 0:00:05]} 35. Re3 {[%emt 0:00:10]} a5 {[%emt 0:00:05]} 36. Re4 {[%emt 0:00:09]} Rd1 {[%emt 0:00:07]} 37. Rh4 {[%emt 0:00:01]} Rf1 {[%emt 0:00:03]} 38. Rxh5 {[%emt 0:00:01]} d5 {[%emt 0:00:03]} 39. g4 {[%emt 0:00:02]} Rg1 {[%emt 0:00:03]} 40. h3 {[%emt 0:00:02]} Rg3+ {[%emt 0:00:03]} 41. Kb2 {[%emt 0:00:01]} e4 {[%emt 0:00:02]} 42. Kc1 {[%emt 0:00:08]} e3 {[%emt 0:00:03]} 43. Kd1 {[%emt 0:00:01]} d4 {[%emt 0:00:02]} 44. Rh8 {[%emt 0:00:01]} Rg1+ {[%emt 0:00:03]} 45. Ke2 {[%emt 0:00:01]} Rg2+ {[%emt 0:00:01]} 46. Kd3 {[%emt 0:00:02]} Rd2+ {[%emt 0:00:03]} 47. Ke4 {[%emt 0:00:01]} e2 {[%emt 0:00:01]} 48. Kf4 {[%emt 0:00:08]} e1=Q {[%emt 0:00:02]} 49. Re8+ {[%emt 0:00:00]} Kxe8 {[%emt 0:00:02]} 50. g5 {[%emt 0:00:00]} Qe3+ {[%emt 0:00:02]} 51. Kg4 {[%emt 0:00:02]} Rg2+ {[%emt 0:00:01]} 52. Kh5 {[%emt 0:00:00]} Qxg5# {[%emt 0:00:01] Mate Mate} 0-1